| 000 | 00473nam a22001697a 4500 | ||
|---|---|---|---|
| 005 | 20251108164145.0 | ||
| 008 | 250721s1984 xx 000 0 ara d | ||
| 082 | 1 | 4 | _a211/شعر |
| 100 | 1 | _aشعراوي، محمد متولي | |
| 245 | 1 | 0 | _aمعجزة القرآن / |
| 264 | 1 |
_aبيروت : _bدار الندوة، _c1984. |
|
| 300 | _a182 ص. | ||
| 650 | 1 | 7 | _aالقرآن الكريم |
| 650 | 1 | 7 | _aالعلوم القرآنية |
| 942 |
_2ddc _cBK |
||
| 999 |
_c5063 _d5063 |
||